00755nam a2200205 4500001000700000003000900007007000300016008004100019100003100060245011200091260003600203300002200239490002600261700002900287700002800316830003400344852003100378999001900409952012100428147974ES-MaACLt|070214s1974 sp r ||||1| spa d1 aSpiridonova, N. S.910775710aRasgos económicos del imperialismo / cN. S. Spiridonova, L. A. Cherkasova ; versión de Luis A. Vargas. aBarcelona : bGrijalbo, c1974. a159 p. ; c18 cm.1 aColección 70 ; v781 aCherkasova, L. A.9383671 aVargas, Luis A.91131970 aColección 70 ; v789182684 aES-MaACLjE-6728 bR.90926 c147974d147974 00104070aATENEOMbATENEOMcDEPO2d2008-01-17eSCl0oE-6728p1154428r2023-02-23 00:00:00w2023-02-23yMONOGRAFIA